|
|
|
|
| LEADER |
00000nab a2200000 a 4500 |
| 001 |
vtls000556622 |
| 003 |
SK-MaSNL |
| 005 |
20260318132725.0 |
| 008 |
180331c1995 xo 0 ukr |
| 015 |
|
|
|a SNBRB19rr/mm-uuuuu
|
| 035 |
|
|
|a CL0556760
|
| 040 |
|
|
|a SNKBUCL
|b slo
|c SNKBUCL
|e AACR2
|
| 041 |
0 |
|
|a ukr
|
| 044 |
|
|
|a xo
|c SK
|
| 080 |
|
|
|a 372.880.875(075.2)
|2 1981
|
| 100 |
1 |
|
|a M.M.
|4 aut
|9 844843
|
| 245 |
1 |
0 |
|a Bukvar' i Čitanka pro rusyns'ki dity
|c M.M.
|
| 300 |
|
|
|b Fotogr. 1
|
| 650 |
0 |
7 |
|a rusínčina
|2 snkbucl
|9 51510
|
| 650 |
0 |
7 |
|a základné školy s vyučovacím jazykom rusínskym
|2 snkbucl
|9 171567
|
| 650 |
0 |
7 |
|a čítanky
|2 snkbucl
|9 81647
|
| 651 |
|
7 |
|a 5407
|2 snkbucl
|9 893769
|
| 655 |
|
7 |
|a články z novín a časopisov
|2 snkbucl
|9 267496
|
| 700 |
1 |
|
|a Hrib, Ján,
|d 1934-
|4 aut
|9 97760
|
| 773 |
0 |
|
|t Narodny novynky
|g Roč. 4, č. 1 (1995), s. 2
|
| 787 |
0 |
8 |
|i Rec.:
|a Hryb, Jan
|t Čitanka pro rusyňsky dity pro druhyj klas osnovnych škil s vyukov rusyňskoho jazyka
|d Prjašov : Rusyns'ka obroda, 1995
|
| 850 |
|
|
|a Slovenská národná knižnica v Martine
|a POA001
|
| 852 |
|
|
|a SNK
|b KIS3GCP
|
| 958 |
|
|
|a NX
|
| 958 |
|
|
|a RK
|
| 958 |
|
|
|a RN
|
| 992 |
|
|
|a RBX
|
| 999 |
|
|
|c 2149014
|d 2150944
|